US Presidents: Before or After? Quiz Stats

 Plays Quiz Updated Jun 8, 2019

Score 0/20 Timer 04:00
1 Play Today
% Correct
This was taken after Bill Clinton was president!
93.9%
This was taken after Richard Nixon was president!
90.4%
This was taken after George W. Bush was president!
90%
This was taken before Barack Obama was president!
89.5%
This was taken before Ulysses S. Grant was president!
88.3%
This was taken before Lyndon B. Johnson was president!
87.8%
This was taken before Dwight D. Eisenhower was president!
80.9%
This was taken before Woodrow Wilson was president!
75.9%
This was taken after John Tyler was president!
72.7%
This was taken before Andrew Johnson was president!
72.2%
% Correct
This was taken before Herbert Hoover was president!
71.4%
This was taken before Calvin Coolidge was president!
70.5%
This was taken before George H.W. Bush was president!
68.9%
This was taken before Jimmy Carter was president!
67.9%
This was taken after Gerald Ford was president!
67.2%
This was taken after Harry S. Truman was president!
62.3%
This was taken after Theodore Roosevelt was president!
58.8%
This was taken after Grover Cleveland was president!
55.7%
This was taken before Ronald Reagan was president!
47.6%
This was taken before Benjamin Harrison was president!
36.2%

You're not logged in!

Compare scores with friends on all Sporcle quizzes.
OR
Log In

Sporcle TV

Today on Sporcle TV


Watch our educational content, quiz creation guides, and fun videos on Sporcle TV.

Show Comments

Extras

Top Quizzes Today


Score Distribution

Your Account Isn't Verified!

In order to create a playlist on Sporcle, you need to verify the email address you used during registration. Go to your Sporcle Settings to finish the process.

Report this User

Report this user for behavior that violates our Community Guidelines.

Details: